sudden death - billie eilish songs - Statistics

General Stats
  • This quiz has been taken 76 times
  • The average score is 13 of 21
Answers on the Grid
Answers color-coded by a green-red scale on the quiz's grid according to % correct below.
male fantasy
lover
in my blood
the greatest
I love you
glad hes gone
wildflower
skinny
I was all over her
I wait for you
hit me hard and soft
anything
blue
getting older
bury a friend
the grudge
my future
the loneliest
pretty isn't pretty
guess
over now
black friday
happier than ever
I love you, im sorry
oxytocin
hostage
casual
birds of a feather
vampire
lunch
bad idea
fear
lovely
change
this is home
never felt so alone
everbody dies
8
let the light in
soft kissing hour
 
Answer Stats
Answer % Correct
wildflower
83%
birds of a feather
75%
happier than ever
75%
I love you
75%
lovely
75%
lunch
73%
male fantasy
71%
bury a friend
68%
hostage
68%
oxytocin
68%
the greatest
68%
blue
66%
skinny
66%
8
63%
my future
63%
getting older
61%
everbody dies
58%
guess
49%
never felt so alone
37%
over now
29%
soft kissing hour
14%
No matching quizzes found
Score Distribution
Percent of People with Each Score
Percentile by Number Answered
Your Score History
You have not taken this quiz